Κατάλογος Βιβλιοθηκών Mediterranean College

ΑΝΑΠΤΥΞΗ ΛΙΑΝΙΚΩΝ ΠΩΛΗΣΕΩΝ (Record no. 4655)

MARC details
000 -LEADER
fixed length control field 01249cam a22002174a 4500
005 - ΗΜΕΡΟΜΗΝΙΑ ΚΑΙ ΩΡΑ ΤΕΛΕΥΤΑΙΑΣ ΕΝΗΜΕΡΩΣΗΣ
Πεδίο ελέγχου 20250605164151.0
008 - FIXED-LENGTH DATA ELEMENTS--GENERAL INFORMATION
Πεδίο ελέγχου σταθερού μήκους 250528s ||||||||||||||||||||||||d
035 ## - SYSTEM CONTROL NUMBER
System control number 19399
020 ## - ISBN
ISBN 9602861290
040 ## - ΠΗΓΗ ΚΑΤΑΛΟΓΟΓΡΑΦΗΣΗΣ
Φορέας πρωτότυπης καταλογογράφησης MC Athens Campus Library
Γλώσσα καταλογογράφησης Ελληνικά, Μοντέρνα (1453-)
Modifying agency MC Athens Campus Library
Κανόνες περιγραφικής καταλογογράφησης AACR2
245 1# - ΤΙΤΛΟΣ ΚΑΙ ΔΗΛΩΣΗ ΥΠΕΥΘΥΝΟΤΗΤΑΣ
Τίτλος ΑΝΑΠΤΥΞΗ ΛΙΑΝΙΚΩΝ ΠΩΛΗΣΕΩΝ
250 ## - EDITION STATEMENT
Edition statement 1
260 ## - PUBLICATION, DISTRIBUTION, ETC.
Name of publisher, distributor, etc. Έλλην,
Date of publication, distribution, etc. 1995
300 ## - PHYSICAL DESCRIPTION
Extent 224
505 0# - FORMATTED CONTENTS NOTE
Formatted contents note ΟΡΓΑΝΩΣΗ ΛΙΑΝΙΚΟΥ ΚΑΤΑΣΤΗΜΑΤΟΣ ΕΠΙΛΟΓΗ ΤΟΥ ΤΟΠΟΥ ΕΓΚΑΤΑΣΤΑΣΗΣ ΛΙΑΝΙΚΟΥ ΚΑΤΑΣΤΗΜΑΤΟΣ ΣΤΡΑΤΗΓΙΚΗ ΠΡΟΩΘΗΣΗΣ ΔΗΜΙΟΥΡΓΙΑ ΚΑΙ ΔΙΑΤΗΡΗΣΗ ΤΗΣ ΕΙΚΟΝΑΣ ΤΟΥ ΚΑΤΑΣΤΗΜΑΤΟΣ ΕΣΩΤΕΡΙΚΗ ΕΜΦΑΝΙΣΗ ΚΑΤΑΣΤΗΜΑΤΟΣ
520 ## - SUMMARY, ETC.
Summary, etc. ΟΡΓΑΝΩΣΗ ΛΙΑΝΙΚΟΥ ΚΑΤΑΣΤΗΜΑΤΟΣ ΕΠΙΛΟΓΗ ΤΟΥ ΤΟΠΟΥ ΕΓΚΑΤΑΣΤΑΣΗΣ ΛΙΑΝΙΚΟΥ ΚΑΤΑΣΤΗΜΑΤΟΣ ΣΤΡΑΤΗΓΙΚΗ ΠΡΟΩΘΗΣΗΣ ΔΗΜΙΟΥΡΓΙΑ ΚΑΙ ΔΙΑΤΗΡΗΣΗ ΤΗΣ ΕΙΚΟΝΑΣ ΤΟΥ ΚΑΤΑΣΤΗΜΑΤΟΣ ΕΣΩΤΕΡΙΚΗ ΕΜΦΑΝΙΣΗ ΚΑΤΑΣΤΗΜΑΤΟΣ
700 1# - ΠΡΟΣΘΕΤΗ ΑΝΑΓΡΑΦΗ--ΦΥΣΙΚΟ ΠΡΟΣΩΠΟ
Personal name Εξαδακτυλος Νικος
9 (RLIN) 5648
942 ## - ADDED ENTRY ELEMENTS (KOHA)
Koha item type Books
Holdings
Τύπος τεκμηρίου Βιβλιοθήκη Τρέχουσα τοποθεσία Barcode Αριθμός εισαγωγής Ημερομηνία απόκτησης Ταξιθετικό σύμβολο Αριθμός αντιτύπου Κατάσταση απόσυρσης Κατάσταση χαμένου Κατάσταση κατεστραμμένου Μη δανεισμός Σύνολο δανεισμών Ημερομηνία τελευταίας εμφάνισης Η τιμή ισχύει από
Books MC Thessaloniki Campus Library MC Thessaloniki Campus Library 9780000046543 456 05/06/2025 658.87 ΕΞΑ 2           05/06/2025 05/06/2025

MC Athens Campus Library
Πατησίων 94 & Κοδριγκτώνος 13, 104 34
Πελλήνης 8 & Πατησίων 107, 112 51
Τ: +30 210 8899600

MC Thessaloniki Campus Library
Ίωνος Δραγούμη 21, 54625 | Ίωνος Δραγούμη 15, 54625
Τ: +30 2310 287779 – Τ: +30 2314 440300